Đột quỵ máu não

保存先:
書誌詳細
第一著者: PHAN CHÚC LÂM
フォーマット: 図書
言語:Undetermined
出版事項: Y học 2000
タグ: タグ追加
タグなし, このレコードへの初めてのタグを付けませんか!
Thư viện lưu trữ: Trung tâm Học liệu Trường Đại học Cần Thơ
LEADER 00477nam a2200145Ia 4500
001 CTU_48641
008 210402s9999 xx 000 0 und d
082 |a 616.81 
082 |b W642 
100 |a PHAN CHÚC LÂM 
245 0 |a Đột quỵ máu não 
245 0 |c PHAN CHÚC LÂM, David O. Wiebers, Valery L. Feigin, Robert D. Brown; Dịch giả: Nguyễn Văn Thông 
260 |b Y học 
260 |c 2000 
980 |a Trung tâm Học liệu Trường Đại học Cần Thơ